[Event "ESP-ch Rapid 2018"]
[Site "Linares"]
[Date "2018.08.19"]
[Round "8"]
[White "Guerrero Romero, Antonio"]
[Black "Lopez Gonzalez, Alfonso"]
[Result "0-1"]
[WhiteElo "1895"]
[BlackElo "2063"]
[Annotator "NA"]
[PlyCount "100"]
[EventDate "2018.08.19"]
[EventType "team-tourn"]
[EventCountry "ESP"]
[SourceTitle "playchess.com"]
[Source "ChessBase"]
[SourceQuality "1"]
[TimeControl "900+5"]

1. d4 {[%emt 0:00:00]} d5 {[%emt 0:00:00]} 2. Nf3 {[%emt 0:00:00]} Nf6 {[%emt 0:00:00]} 3. c4 {[%emt 0:00:05]} e6 {[%emt 0:00:00]} 4. Nc3 {[%emt 0:00:01]} Nbd7 {[%emt 0:00:00]} 5. g3 {[%emt 0:00:10]} Be7 {[%emt 0:00:02]} 6. Bg2 {[%emt 0:00:01]} O-O {[%emt 0:00:03]} 7. O-O {[%emt 0:00:07]} dxc4 {[%emt 0:00:01]} 8. a4 {[%emt 0:00:11]} a6 {[%emt 0:00:24]} 9. Qc2 {[%emt 0:00:08]} Rb8 {[%emt 0:00:06]} 10. a5 {[%emt 0:00:54]} Nd5 {[%emt 0:00:26]} 11. Na4 {[%emt 0:01:05]} b5 {[%emt 0:00:25]} 12. axb6 {[%emt 0:00:04]} cxb6 {[%emt 0:00:34]} 13. e4 {[%emt 0:00:21]} Nb4 {[%emt 0:00:02]} 14. Qd2 {[%emt 0:00:18]} b5 {[%emt 0:00:15]} 15. Nc3 {[%emt 0:00:02]} Nd3 {[%emt 0:00:06]} 16. Rd1 {[%emt 0:00:45]} Nb6 {[%emt 0:00:24]} 17. Qe2 {[%emt 0:00:37]} Nxc1 {[%emt 0:00:11]} 18. Raxc1 {[%emt 0:00:03]} Bb7 {[%emt 0:00:11]} 19. h4 {[%emt 0:01:02]} Rc8 {[%emt 0:00:47]} 20. Ne5 {[%emt 0:00:51]} Bf6 {[%emt 0:02:30]} 21. f4 {[%emt 0:00:02]} Bxe5 {[%emt 0:00:16]} 22. fxe5 {[%emt 0:00:06]} b4 {[%emt 0:00:12]} 23. Nb1 {[%emt 0:00:07]} a5 {[%emt 0:00:18]} 24. Kh2 {[%emt 0:00:04]} Qc7 {[%emt 0:00:27]} 25. h5 {[%emt 0:00:17]} h6 {[%emt 0:00:05]} 26. Nd2 {[%emt 0:00:29]} Ba6 {[%emt 0:00:44]} 27. Qg4 {[%emt 0:00:02]} Qe7 {[%emt 0:00:21]} 28. Nf3 {[%emt 0:00:06]} a4 {[%emt 0:00:24]} 29. d5 {[%emt 0:00:06]} c3 {[%emt 0:00:39]} 30. bxc3 {[%emt 0:00:10]} b3 {[%emt 0:00:01]} 31. d6 {[%emt 0:00:08]} Qd7 {[%emt 0:00:01]} 32. Nd2 {[%emt 0:00:52]} b2 {[%emt 0:00:06]} 33. Rc2 {[%emt 0:00:06]} a3 {[%emt 0:00:08]} 34. Bf1 {[%emt 0:00:04]} Qa4 {[%emt 0:01:40]} 35. Bxa6 {[%emt 0:00:14]} Qxc2 {[%emt 0:00:02]} 36. Bxc8 {[%emt 0:00:12]} a2 {[%emt 0:00:01]} 37. Bxe6 {[%emt 0:00:08]} a1=Q {[%emt 0:01:07]} 38. Bb3 {[%emt 0:00:46]} Qxd2+ {[%emt 0:02:03]} 39. Rxd2 {[%emt 0:00:37]} b1=Q {[%emt 0:00:05]} 40. Bd1 {[%emt 0:00:39]} Qxc3 {[%emt 0:00:07]} 41. Qe2 {[%emt 0:00:15]} Qxe5 {[%emt 0:00:19]} 42. d7 {[%emt 0:00:32]} Nxd7 {[%emt 0:00:02]} 43. Rxd7 {[%emt 0:00:05]} Qbxe4 {[%emt 0:00:01]} 44. Qf2 {[%emt 0:00:26]} Qe1 {[%emt 0:00:16]} 45. Rd2 {[%emt 0:00:24]} Qxf2+ {[%emt 0:00:03]} 46. Rxf2 {[%emt 0:00:02]} Rd8 {[%emt 0:00:01]} 47. Bb3 {[%emt 0:00:08]} Qxh5+ {[%emt 0:00:01]} 48. Kg2 {[%emt 0:00:02]} Rd3 {[%emt 0:00:05]} 49. Bc2 {[%emt 0:00:21]} Qd5+ {[%emt 0:00:06]} 50. Kh2 {[%emt 0:00:04]} Rd2 0-1

[Event "ESP-ch Rapid 2018"]
[Site "Linares"]
[Date "2018.08.19"]
[Round "9"]
[White "Salgado Lopez, Ivan"]
[Black "Anton Guijarro, David"]
[Result "1/2-1/2"]
[WhiteElo "2643"]
[BlackElo "2652"]
[Annotator "TA"]
[PlyCount "51"]
[EventDate "2018.08.19"]
[EventType "team-tourn"]
[EventCountry "ESP"]
[SourceTitle "playchess.com"]
[Source "ChessBase"]
[SourceQuality "1"]

{[%evp 17,51,9,4,21,8,10,33,29,41,37,35,35,52,48,42,37,37,23,34,27,26,27,35,0,0,6,-3,0,2,0,72,72,93,40,205,0]} 1. e4 e5 2. Nf3 Nc6 3. Bb5 a6 4. Ba4 Nf6 5. d3 Bc5 6. c3 d6 {C77: Spanische Partie (Anderssen-Variante)} (6... b5 7. Bc2 d6 8. h3 h6 9. O-O O-O 10. d4 Bb6 11. Be3 Re8 12. Nbd2 Qe7 13. Re1 Rb8 14. Nf1 Qf8 15. Ng3 {½-½ (43) Anand,V (2759)-So,W (2778) Leuven 2018}) 7. h3 Ba7 8. Nbd2 {[%cal Bb1d2,Bd2f1,Bf1g3][%mdl 32]} O-O 9. Nf1 Ne7 {LiveBook: 4 Partien} 10. Ng3 Ng6 11. O-O h6 12. d4 b5 13. Bc2 c5 $146 ({Vorgänger:} 13... Re8) 14. Be3 cxd4 15. cxd4 Re8 16. Re1 Bb7 17. Qd2 exd4 18. Bxd4 Bxd4 19. Qxd4 Ne5 20. Rad1 Nxf3+ 21. gxf3 Qc8 22. Bb3 Qxh3 23. Qxd6 {zielt auf Dc7 ab.} Rac8 (23... Bc8 $1 $11 {bleibt in der Remisbreite.}) 24. Qf4 $16 {Schwarz muss nun e5 beachten.} Rf8 {[#]} 25. Rd6 (25. Nf5 $1 $16) 25... Rc5 $2 {[#]} (25... Nh5 $14 26. Nxh5 Qxh5) 26. Red1 $2 {Precision: Weiß = 58%, Schwarz = 42%.} ({Weiss braucht} 26. e5 $1 $18 {[%cal Re5f6]} Ne8 27. Rd8) 1/2-1/2

[Event "ESP-ch Rapid 2018"]
[Site "Linares"]
[Date "2018.08.19"]
[Round "9"]
[White "Santos Latasa, Jaime"]
[Black "Ljubojevic, Ljubomir"]
[Result "1-0"]
[WhiteElo "2582"]
[BlackElo "2571"]
[Annotator "ChessBase"]
[PlyCount "59"]
[EventDate "2018.08.19"]
[EventType "team-tourn"]
[EventCountry "ESP"]
[SourceTitle "playchess.com"]
[Source "ChessBase"]
[SourceQuality "1"]
[TimeControl "900+5"]

1. Nf3 {[%emt 0:00:00]} c5 {[%emt 0:00:00]} 2. c4 {[%emt 0:00:00]} Nf6 {[%emt 0:00:00]} 3. Nc3 {[%emt 0:00:02]} d5 {[%emt 0:00:09]} 4. cxd5 {[%emt 0:00:02]} Nxd5 {[%emt 0:00:01]} 5. e3 {[%emt 0:00:01]} Nb4 {[%emt 0:00:58]} 6. Bc4 {[%emt 0:00:16]} Bf5 {[%emt 0:00:48]} 7. e4 {[%emt 0:00:29]} Bg6 {[%emt 0:00:27]} 8. h4 {[%emt 0:00:26]} Nd3+ {[%emt 0:01:48]} 9. Bxd3 {[%emt 0:00:40]} Qxd3 {[%emt 0:00:02]} 10. Qa4+ {[%emt 0:00:02]} Nd7 {[%emt 0:00:33]} 11. Ne5 {[%emt 0:00:31]} b5 {[%emt 0:00:23]} 12. Nxd3 {[%emt 0:00:09]} bxa4 {[%emt 0:00:01]} 13. h5 {[%emt 0:00:01]} Bxe4 {[%emt 0:00:10]} 14. Nxe4 {[%emt 0:00:03]} e5 {[%emt 0:00:01]} 15. b3 {[%emt 0:00:20]} f5 {[%emt 0:00:03]} 16. Nc3 {[%emt 0:00:02]} axb3 {[%emt 0:00:17]} 17. axb3 {[%emt 0:00:02]} Rb8 {[%emt 0:00:29]} 18. Rxa7 {[%emt 0:00:16]} Rxb3 {[%emt 0:00:02]} 19. Ra8+ {[%emt 0:00:04]} Kf7 {[%emt 0:00:05]} 20. O-O {[%emt 0:00:13]} Rg8 {[%emt 0:00:20]} 21. Ra7 {[%emt 0:00:42]} Ke6 {[%emt 0:00:11]} 22. Re1 {[%emt 0:00:14]} e4 {[%emt 0:01:45]} 23. Nf4+ {[%emt 0:00:39]} Kd6 {[%emt 0:00:27]} 24. f3 {[%emt 0:00:25]} g5 {[%emt 0:00:41]} 25. hxg6 {[%emt 0:00:05]} hxg6 {[%emt 0:00:23]} 26. fxe4 {[%emt 0:00:02]} Kc6 {[%emt 0:01:47]} 27. exf5 {[%emt 0:00:22]} gxf5 {[%emt 0:00:08]} 28. Re6+ {[%emt 0:00:05]} Bd6 {[%emt 0:00:06]} 29. Nfd5 {[%emt 0:00:03]} Rd8 {[%emt 0:00:09]} 30. Rc7# 1-0

[Event "ESP-ch Rapid 2018"]
[Site "Linares"]
[Date "2018.08.19"]
[Round "9"]
[White "Ibarra Jerez, Jose Carlos"]
[Black "Ladron De Guevara Pinto, Paolo"]
[Result "1-0"]
[WhiteElo "2570"]
[BlackElo "2424"]
[Annotator "ChessBase"]
[PlyCount "99"]
[EventDate "2018.08.19"]
[EventType "team-tourn"]
[EventCountry "ESP"]
[SourceTitle "playchess.com"]
[Source "ChessBase"]
[SourceQuality "1"]
[TimeControl "900+5"]

1. e4 {[%emt 0:00:00]} g6 {[%emt 0:00:00]} 2. d4 {[%emt 0:00:01]} Bg7 {[%emt 0:00:00]} 3. Nc3 {[%emt 0:00:30]} d5 {[%emt 0:00:05]} 4. exd5 {[%emt 0:00:24]} Nf6 {[%emt 0:00:05]} 5. Bc4 {[%emt 0:00:12]} O-O {[%emt 0:00:05]} 6. Nf3 {[%emt 0:00:07]} a6 {[%emt 0:00:10]} 7. a4 {[%emt 0:00:09]} b6 {[%emt 0:01:59]} 8. Bg5 {[%emt 0:00:14]} Bb7 {[%emt 0:00:45]} 9. Bxf6 {[%emt 0:00:02]} exf6 {[%emt 0:01:00]} 10. O-O {[%emt 0:00:06]} Nd7 {[%emt 0:00:02]} 11. Re1 {[%emt 0:00:14]} f5 {[%emt 0:00:12]} 12. d6 {[%emt 0:00:53]} cxd6 {[%emt 0:00:26]} 13. Bd5 {[%emt 0:00:08]} Qc7 {[%emt 0:01:42]} 14. Qd3 {[%emt 0:01:45]} Nf6 {[%emt 0:01:50]} 15. Bxb7 {[%emt 0:00:03]} Qxb7 {[%emt 0:00:02]} 16. Re2 {[%emt 0:00:12]} Rfe8 {[%emt 0:00:14]} 17. Rae1 {[%emt 0:00:03]} Rxe2 {[%emt 0:00:13]} 18. Rxe2 {[%emt 0:00:04]} Re8 {[%emt 0:00:16]} 19. Rxe8+ {[%emt 0:00:29]} Nxe8 {[%emt 0:00:04]} 20. Nd2 {[%emt 0:01:28]} Bf6 {[%emt 0:01:03]} 21. b3 {[%emt 0:00:20]} Kg7 {[%emt 0:00:30]} 22. Ne2 {[%emt 0:00:58]} Nc7 {[%emt 0:00:28]} 23. c4 {[%emt 0:00:32]} Qc6 {[%emt 0:00:16]} 24. h3 {[%emt 0:00:51]} h5 {[%emt 0:00:51]} 25. Nc3 {[%emt 0:01:08]} Qe8 {[%emt 0:00:44]} 26. Nf3 {[%emt 0:00:08]} Qe6 {[%emt 0:00:59]} 27. b4 {[%emt 0:00:26]} Qe8 {[%emt 0:00:48]} 28. Kf1 {[%emt 0:00:13]} Ne6 {[%emt 0:00:36]} 29. g3 {[%emt 0:00:50]} Nc7 {[%emt 0:00:06]} 30. h4 {[%emt 0:01:04]} Qd7 {[%emt 0:00:35]} 31. Qe3 {[%emt 0:00:39]} Qe6 {[%emt 0:00:35]} 32. Qd3 {[%emt 0:00:13]} Qd7 {[%emt 0:00:09]} 33. Ke2 {[%emt 0:00:05]} Kf8 {[%emt 0:00:14]} 34. Qd2 {[%emt 0:00:29]} Ke8 {[%emt 0:00:12]} 35. Kd3 {[%emt 0:00:06]} Kd8 {[%emt 0:00:02]} 36. Kc2 {[%emt 0:00:35]} Kc8 {[%emt 0:00:04]} 37. Kb3 {[%emt 0:00:05]} Qe6 {[%emt 0:00:17]} 38. Qd3 {[%emt 0:00:24]} Kb7 {[%emt 0:00:07]} 39. Ng5 {[%emt 0:00:17]} Bxg5 {[%emt 0:00:15]} 40. hxg5 {[%emt 0:00:01]} Qe7 {[%emt 0:00:02]} 41. Qf3+ {[%emt 0:00:17]} Ka7 {[%emt 0:00:06]} 42. Qc6 {[%emt 0:00:04]} Ne6 {[%emt 0:00:13]} 43. Qd5 {[%emt 0:01:08]} Qxg5 {[%emt 0:00:07]} 44. Qxd6 {[%emt 0:00:16]} Qd2 {[%emt 0:00:05]} 45. Qe7+ {[%emt 0:00:07]} Kb8 {[%emt 0:00:04]} 46. Qe8+ {[%emt 0:00:01]} Kb7 {[%emt 0:00:04]} 47. Qxf7+ {[%emt 0:00:02]} Nc7 {[%emt 0:00:01]} 48. d5 {[%emt 0:00:12]} Qd3 {[%emt 0:00:11]} 49. c5 {[%emt 0:00:05]} bxc5 {[%emt 0:00:05]} 50. bxc5 {[%emt 0:00:01]} 1-0

[Event "ESP-ch Rapid 2018"]
[Site "Linares"]
[Date "2018.08.19"]
[Round "9"]
[White "Moreno Trujillo, Alejandro"]
[Black "Sande Edreira, Jose Antonio"]
[Result "1-0"]
[WhiteElo "2497"]
[BlackElo "2230"]
[Annotator "ChessBase"]
[PlyCount "83"]
[EventDate "2018.08.19"]
[EventType "team-tourn"]
[EventCountry "ESP"]
[SourceTitle "playchess.com"]
[Source "ChessBase"]
[SourceQuality "1"]
[TimeControl "900+5"]

1. d4 {[%emt 0:00:00]} Nf6 {[%emt 0:00:00]} 2. c4 {[%emt 0:00:00]} g6 {[%emt 0:00:00]} 3. Nc3 {[%emt 0:00:00]} Bg7 {[%emt 0:00:00]} 4. e4 {[%emt 0:00:01]} d6 {[%emt 0:00:00]} 5. Nf3 {[%emt 0:00:02]} O-O {[%emt 0:00:01]} 6. h3 {[%emt 0:00:01]} c5 {[%emt 0:00:14]} 7. d5 {[%emt 0:00:04]} e6 {[%emt 0:00:02]} 8. Bd3 {[%emt 0:00:03]} Re8 {[%emt 0:00:08]} 9. O-O {[%emt 0:00:14]} Na6 {[%emt 0:00:02]} 10. a3 {[%emt 0:00:12]} exd5 {[%emt 0:00:42]} 11. cxd5 {[%emt 0:00:16]} c4 {[%emt 0:00:07]} 12. Bc2 {[%emt 0:00:12]} Nc5 {[%emt 0:00:02]} 13. Re1 {[%emt 0:00:03]} Bd7 {[%emt 0:00:25]} 14. Bf4 {[%emt 0:00:08]} Qb6 {[%emt 0:00:36]} 15. Rb1 {[%emt 0:00:16]} Rac8 {[%emt 0:00:18]} 16. e5 {[%emt 0:00:41]} Nh5 {[%emt 0:00:17]} 17. Bh2 {[%emt 0:00:03]} dxe5 {[%emt 0:00:39]} 18. Nxe5 {[%emt 0:00:10]} Qf6 {[%emt 0:01:55]} 19. Nxd7 {[%emt 0:00:43]} Nxd7 {[%emt 0:00:02]} 20. Ne4 {[%emt 0:00:45]} Qh4 {[%emt 0:00:57]} 21. Nd6 {[%emt 0:04:48]} Rxe1+ {[%emt 0:00:03]} 22. Qxe1 {[%emt 0:00:01]} Rf8 {[%emt 0:00:01]} 23. Qe4 {[%emt 0:00:46]} Qxe4 {[%emt 0:00:44]} 24. Bxe4 {[%emt 0:00:02]} Nhf6 {[%emt 0:00:08]} 25. Bf3 {[%emt 0:00:25]} Nb6 {[%emt 0:00:06]} 26. Rd1 {[%emt 0:00:22]} Na4 {[%emt 0:01:00]} 27. Nxc4 {[%emt 0:01:03]} b5 {[%emt 0:00:01]} 28. Ne3 {[%emt 0:00:12]} Nxb2 {[%emt 0:00:11]} 29. Rc1 {[%emt 0:00:08]} a5 {[%emt 0:01:27]} 30. Rc5 {[%emt 0:00:36]} b4 {[%emt 0:01:28]} 31. Rxa5 {[%emt 0:00:03]} bxa3 {[%emt 0:00:07]} 32. Rxa3 {[%emt 0:00:04]} Nd7 {[%emt 0:00:08]} 33. Bd6 {[%emt 0:01:12]} Rc8 {[%emt 0:00:07]} 34. g3 {[%emt 0:00:19]} Ne5 {[%emt 0:00:28]} 35. Be2 {[%emt 0:00:22]} h5 {[%emt 0:00:27]} 36. Be7 {[%emt 0:00:35]} Bf8 {[%emt 0:02:24]} 37. d6 {[%emt 0:00:21]} Rb8 {[%emt 0:01:31]} 38. f4 {[%emt 0:01:18]} Nc6 {[%emt 0:00:17]} 39. Nd5 {[%emt 0:00:02]} Bxe7 {[%emt 0:00:34]} 40. Nxe7+ {[%emt 0:00:13]} Nxe7 {[%emt 0:00:10]} 41. dxe7 {[%emt 0:00:01]} f6 {[%emt 0:00:18]} 42. Rb3 {[%emt 0:00:09]} 1-0

[Event "ESP-ch Rapid 2018"]
[Site "Linares"]
[Date "2018.08.19"]
[Round "9"]
[White "Espinosa Aranda, Angel"]
[Black "Lianes Garcia, Marcos"]
[Result "1/2-1/2"]
[WhiteElo "2451"]
[BlackElo "2340"]
[Annotator "ChessBase"]
[PlyCount "288"]
[EventDate "2018.08.19"]
[EventType "team-tourn"]
[EventCountry "ESP"]
[SourceTitle "playchess.com"]
[Source "ChessBase"]
[SourceQuality "1"]
[TimeControl "900+5"]

1. e4 {[%emt 0:00:00]} e5 {[%emt 0:00:00]} 2. Nc3 {[%emt 0:00:00]} Nf6 {[%emt 0:00:16]} 3. Nf3 {[%emt 0:00:24]} Nc6 {[%emt 0:00:06]} 4. Be2 {[%emt 0:00:01]} d5 {[%emt 0:00:51]} 5. exd5 {[%emt 0:00:01]} Nxd5 {[%emt 0:00:02]} 6. O-O {[%emt 0:00:02]} Be7 {[%emt 0:00:03]} 7. d4 {[%emt 0:00:02]} exd4 {[%emt 0:00:37]} 8. Nxd4 {[%emt 0:00:04]} Nxc3 {[%emt 0:00:22]} 9. bxc3 {[%emt 0:00:01]} O-O {[%emt 0:00:15]} 10. Rb1 {[%emt 0:00:01]} Bf6 {[%emt 0:02:14]} 11. Ba3 {[%emt 0:00:46]} Re8 {[%emt 0:00:05]} 12. Nxc6 {[%emt 0:00:32]} bxc6 {[%emt 0:00:01]} 13. Bf3 {[%emt 0:00:02]} Ba6 {[%emt 0:01:24]} 14. Qxd8 {[%emt 0:01:31]} Raxd8 {[%emt 0:00:05]} 15. Rfd1 {[%emt 0:00:19]} Rxd1+ {[%emt 0:00:33]} 16. Rxd1 {[%emt 0:00:01]} Bxc3 {[%emt 0:00:13]} 17. Bxc6 {[%emt 0:00:16]} Re1+ {[%emt 0:00:01]} 18. Rxe1 {[%emt 0:00:01]} Bxe1 {[%emt 0:00:01]} 19. Bc5 {[%emt 0:00:01]} Bc4 {[%emt 0:00:03]} 20. a4 {[%emt 0:00:13]} a6 {[%emt 0:00:40]} 21. g3 {[%emt 0:01:33]} f5 {[%emt 0:01:12]} 22. Be8 {[%emt 0:00:37]} g6 {[%emt 0:00:28]} 23. Kg2 {[%emt 0:00:09]} Kg7 {[%emt 0:02:19]} 24. Kf3 {[%emt 0:00:26]} Kf6 {[%emt 0:00:29]} 25. Ke3 {[%emt 0:00:04]} Ke6 {[%emt 0:00:16]} 26. Bd4 {[%emt 0:00:32]} Bb4 {[%emt 0:00:06]} 27. h4 {[%emt 0:00:10]} Bf8 {[%emt 0:00:35]} 28. Kd2 {[%emt 0:01:47]} Bb4+ {[%emt 0:00:02]} 29. c3 {[%emt 0:00:23]} Bf8 {[%emt 0:00:05]} 30. a5 {[%emt 0:00:08]} c5 {[%emt 0:00:23]} 31. Be3 {[%emt 0:00:01]} Bd6 {[%emt 0:00:01]} 32. Bc6 {[%emt 0:00:40]} Bd5 {[%emt 0:00:15]} 33. Ba4 {[%emt 0:00:01]} Bc4 {[%emt 0:00:04]} 34. Bd1 {[%emt 0:00:11]} Be7 {[%emt 0:00:27]} 35. Bf3 {[%emt 0:00:36]} Bd6 {[%emt 0:00:10]} 36. h5 {[%emt 0:00:02]} Bd5 {[%emt 0:00:38]} 37. Be2 {[%emt 0:00:09]} c4 {[%emt 0:00:02]} 38. hxg6 {[%emt 0:00:07]} hxg6 {[%emt 0:00:01]} 39. Bb6 {[%emt 0:00:03]} Be5 {[%emt 0:00:18]} 40. Bd1 {[%emt 0:00:14]} Bc6 {[%emt 0:00:28]} 41. Bc5 {[%emt 0:00:57]} Bf6 {[%emt 0:00:20]} 42. Be2 {[%emt 0:00:37]} Bd5 {[%emt 0:00:06]} 43. Bb4 {[%emt 0:00:25]} Be5 {[%emt 0:00:05]} 44. Bd1 {[%emt 0:00:25]} Bc6 {[%emt 0:00:03]} 45. Ke3 {[%emt 0:00:09]} g5 {[%emt 0:00:38]} 46. f4 {[%emt 0:00:01]} gxf4+ {[%emt 0:00:07]} 47. gxf4 {[%emt 0:00:00]} Bf6 {[%emt 0:00:13]} 48. Bh5 {[%emt 0:00:02]} Bg7 {[%emt 0:00:08]} 49. Bg6 {[%emt 0:00:02]} Bf6 {[%emt 0:00:06]} 50. Bh7 {[%emt 0:00:01]} Bb5 {[%emt 0:00:16]} 51. Bg8+ {[%emt 0:00:10]} Kd7 {[%emt 0:00:04]} 52. Bd5 {[%emt 0:00:01]} Bg7 {[%emt 0:00:05]} 53. Bg2 {[%emt 0:00:45]} Bf6 {[%emt 0:00:08]} 54. Kd2 {[%emt 0:00:04]} Bd8 {[%emt 0:00:11]} 55. Bf3 {[%emt 0:00:24]} Bf6 {[%emt 0:00:04]} 56. Bc5 {[%emt 0:00:06]} Bd8 {[%emt 0:00:04]} 57. Bb6 {[%emt 0:00:04]} Bf6 {[%emt 0:00:04]} 58. Bd5 {[%emt 0:00:13]} Kd6 {[%emt 0:00:18]} 59. Bb7 {[%emt 0:00:02]} Kd7 {[%emt 0:00:01]} 60. Bd5 {[%emt 0:00:08]} Kd6 {[%emt 0:00:01]} 61. Bg8 {[%emt 0:00:01]} Kd7 {[%emt 0:00:05]} 62. Kc2 {[%emt 0:00:05]} Be7 {[%emt 0:00:07]} 63. Kd2 {[%emt 0:00:26]} Bf6 {[%emt 0:00:05]} 64. Bf7 {[%emt 0:00:13]} Ke7 {[%emt 0:00:08]} 65. Bg6 {[%emt 0:00:05]} Ke6 {[%emt 0:00:03]} 66. Bh5 {[%emt 0:00:01]} Bc6 {[%emt 0:00:17]} 67. Be2 {[%emt 0:00:06]} Bb5 {[%emt 0:00:01]} 68. Bf3 {[%emt 0:00:00]} Kd7 {[%emt 0:00:03]} 69. Bc5 {[%emt 0:00:05]} Bd8 {[%emt 0:00:10]} 70. Bb4 {[%emt 0:00:03]} Bf6 {[%emt 0:00:05]} 71. Bd5 {[%emt 0:00:07]} Bg7 {[%emt 0:00:07]} 72. Ke3 {[%emt 0:00:03]} Bf6 {[%emt 0:00:02]} 73. Kf3 {[%emt 0:00:01]} Bd8 {[%emt 0:00:04]} 74. Kf2 {[%emt 0:00:15]} Bh4+ {[%emt 0:00:03]} 75. Ke2 {[%emt 0:00:02]} Bd8 {[%emt 0:00:03]} 76. Kf3 {[%emt 0:00:02]} Bh4 {[%emt 0:00:04]} 77. Bf7 {[%emt 0:00:16]} Bd8 {[%emt 0:00:04]} 78. Bg6 {[%emt 0:00:09]} Ke6 {[%emt 0:00:02]} 79. Bh7 {[%emt 0:00:02]} Bh4 {[%emt 0:00:09]} 80. Ke3 {[%emt 0:00:09]} Bf6 {[%emt 0:00:01]} 81. Bg8+ {[%emt 0:00:31]} Kd7 {[%emt 0:00:02]} 82. Bd5 {[%emt 0:00:06]} Bg7 {[%emt 0:00:05]} 83. Bg2 {[%emt 0:00:25]} Bf6 {[%emt 0:00:08]} 84. Kd2 {[%emt 0:00:01]} Bd8 {[%emt 0:00:06]} 85. Ke2 {[%emt 0:00:17]} Bh4 {[%emt 0:00:08]} 86. Bd5 {[%emt 0:00:11]} Bd8 {[%emt 0:00:03]} 87. Ke3 {[%emt 0:00:07]} Bf6 {[%emt 0:00:01]} 88. Kd2 {[%emt 0:00:11]} Bd8 {[%emt 0:00:04]} 89. Bf3 {[%emt 0:00:06]} Bh4 {[%emt 0:00:02]} 90. Bc5 {[%emt 0:00:01]} Bd8 {[%emt 0:00:11]} 91. Bb6 {[%emt 0:00:04]} Bf6 {[%emt 0:00:04]} 92. Kc2 {[%emt 0:00:09]} Be7 {[%emt 0:00:05]} 93. Kd2 {[%emt 0:00:07]} Bf6 {[%emt 0:00:01]} 94. Bh5 {[%emt 0:00:09]} Ke6 {[%emt 0:00:08]} 95. Bg6 {[%emt 0:00:12]} Bg7 {[%emt 0:00:02]} 96. Bd4 {[%emt 0:00:05]} Bf8 {[%emt 0:00:03]} 97. Be5 {[%emt 0:00:04]} Bc5 {[%emt 0:00:02]} 98. Bc7 {[%emt 0:00:11]} Be7 {[%emt 0:00:06]} 99. Bh7 {[%emt 0:00:05]} Bf6 {[%emt 0:00:10]} 100. Bb6 {[%emt 0:00:03]} Be7 {[%emt 0:00:07]} 101. Bg8+ {[%emt 0:00:04]} Kd7 {[%emt 0:00:01]} 102. Ke3 {[%emt 0:00:01]} Bf6 {[%emt 0:00:05]} 103. Kd2 {[%emt 0:00:05]} Be7 {[%emt 0:00:10]} 104. Bd5 {[%emt 0:00:06]} Bf6 {[%emt 0:00:02]} 105. Kc2 {[%emt 0:00:06]} Be7 {[%emt 0:00:04]} 106. Kb2 {[%emt 0:00:18]} Bd6 {[%emt 0:00:06]} 107. Kc2 {[%emt 0:00:23]} Bxf4 {[%emt 0:00:04]} 108. Kd1 {[%emt 0:00:01]} Be5 {[%emt 0:00:09]} 109. Kd2 {[%emt 0:00:01]} Ke7 {[%emt 0:00:09]} 110. Bf3 {[%emt 0:00:14]} Kf6 {[%emt 0:00:05]} 111. Bd8+ {[%emt 0:00:02]} Ke6 {[%emt 0:00:06]} 112. Bb6 {[%emt 0:00:04]} Ke7 {[%emt 0:00:09]} 113. Bg2 {[%emt 0:00:05]} Bf4+ {[%emt 0:00:11]} 114. Ke2 {[%emt 0:00:05]} Ke6 {[%emt 0:00:00]} 115. Bb7 {[%emt 0:00:08]} Be5 {[%emt 0:00:04]} 116. Kd2 {[%emt 0:00:11]} Kf6 {[%emt 0:00:01]} 117. Be3 {[%emt 0:00:06]} f4 {[%emt 0:00:06]} 118. Bf2 {[%emt 0:00:00]} Kg5 {[%emt 0:00:01]} 119. Bf3 {[%emt 0:00:02]} Bc7 {[%emt 0:00:06]} 120. Bb6 {[%emt 0:00:03]} Bd6 {[%emt 0:00:06]} 121. Bd8+ {[%emt 0:00:05]} Kf5 {[%emt 0:00:01]} 122. Bb6 {[%emt 0:00:00]} Be5 {[%emt 0:00:10]} 123. Bd8 {[%emt 0:00:04]} Bg7 {[%emt 0:00:09]} 124. Bb6 {[%emt 0:00:05]} Bf6 {[%emt 0:00:02]} 125. Bc7 {[%emt 0:00:02]} Bh4 {[%emt 0:00:05]} 126. Bb6 {[%emt 0:00:05]} Bg3 {[%emt 0:00:10]} 127. Bc7 {[%emt 0:00:01]} Bf2 {[%emt 0:00:02]} 128. Bb6 {[%emt 0:00:04]} Bh4 {[%emt 0:00:06]} 129. Bc7 {[%emt 0:00:01]} Bf6 {[%emt 0:00:03]} 130. Bb6 {[%emt 0:00:06]} Be5 {[%emt 0:00:06]} 131. Bd8 {[%emt 0:00:04]} Ke6 {[%emt 0:00:06]} 132. Bb6 {[%emt 0:00:06]} Kd6 {[%emt 0:00:03]} 133. Ba7 {[%emt 0:00:02]} Kd7 {[%emt 0:00:07]} 134. Bb7 {[%emt 0:00:07]} Bc7 {[%emt 0:00:16]} 135. Bb6 {[%emt 0:00:05]} Bxb6 {[%emt 0:00:10]} 136. axb6 {[%emt 0:00:01]} a5 {[%emt 0:00:03]} 137. Bf3 {[%emt 0:00:02]} Kc8 {[%emt 0:00:07]} 138. Kc2 {[%emt 0:00:09]} Kb8 {[%emt 0:00:02]} 139. Kb2 {[%emt 0:00:01]} Ba6 {[%emt 0:00:14]} 140. Bd5 {[%emt 0:00:01]} Bb5 {[%emt 0:00:02]} 141. Ka3 {[%emt 0:00:03]} Kc8 {[%emt 0:00:02]} 142. Bf3 {[%emt 0:00:05]} Kb8 {[%emt 0:00:01]} 143. Bd5 {[%emt 0:00:01]} Kc8 {[%emt 0:00:07]} 144. Bf3 {[%emt 0:00:01]} Kb8 {[%emt 0:00:00]} 1/2-1/2

[Event "ESP-ch Rapid 2018"]
[Site "Linares"]
[Date "2018.08.19"]
[Round "9"]
[White "Huerga Leache, Mikel"]
[Black "Buendia Pinar, Alvaro"]
[Result "0-1"]
[WhiteElo "2451"]
[BlackElo "2278"]
[Annotator "ChessBase"]
[PlyCount "44"]
[EventDate "2018.08.19"]
[EventType "team-tourn"]
[EventCountry "ESP"]
[SourceTitle "playchess.com"]
[Source "ChessBase"]
[SourceQuality "1"]
[TimeControl "900+5"]

1. Nf3 {[%emt 0:00:00]} Nf6 {[%emt 0:00:00]} 2. c4 {[%emt 0:00:00]} e6 {[%emt 0:00:03]} 3. g3 {[%emt 0:00:00]} d5 {[%emt 0:00:10]} 4. Bg2 {[%emt 0:00:01]} Be7 {[%emt 0:00:07]} 5. O-O {[%emt 0:00:05]} O-O {[%emt 0:00:03]} 6. b3 {[%emt 0:00:17]} d4 {[%emt 0:00:38]} 7. Bb2 {[%emt 0:00:03]} c5 {[%emt 0:00:03]} 8. e3 {[%emt 0:00:02]} Nc6 {[%emt 0:00:06]} 9. exd4 {[%emt 0:00:01]} cxd4 {[%emt 0:00:01]} 10. Re1 {[%emt 0:00:02]} Re8 {[%emt 0:00:42]} 11. Ne5 {[%emt 0:00:23]} Nxe5 {[%emt 0:00:20]} 12. Rxe5 {[%emt 0:00:02]} Bd6 {[%emt 0:00:11]} 13. Re1 {[%emt 0:00:02]} e5 {[%emt 0:00:21]} 14. d3 {[%emt 0:00:03]} Bb4 {[%emt 0:01:29]} 15. Nd2 {[%emt 0:00:03]} Bg4 {[%emt 0:00:37]} 16. Qc2 {[%emt 0:00:15]} Qa5 {[%emt 0:00:16]} 17. Bc1 {[%emt 0:00:01]} Bc3 {[%emt 0:01:41]} 18. Rb1 {[%emt 0:00:02]} e4 {[%emt 0:00:25]} 19. Bxe4 {[%emt 0:01:49]} Nxe4 {[%emt 0:00:06]} 20. Rxe4 {[%emt 0:00:01]} f5 {[%emt 0:00:01]} 21. Rxe8+ {[%emt 0:00:11]} Rxe8 {[%emt 0:00:02]} 22. Nf1 {[%emt 0:00:01]} Re2 {[%emt 0:00:10]} 0-1